Представление документа в формате RUSMARC

ПолеНазваниеЗначение
  Тип записи a
  Библиографический уровень a
001 Контрольный номер RU/CBS_UL/BASE/0390f39b18b74c808fd05b4d90569f7c
005 Дата корректировки 20260122155734.1
100 Данные общей обработки __
a Данные общей обработки 20260122 ||| 0rusy0189 ca
101 Язык документа 0_
a Язык текста rus
102 Страна публикации __
a Страна публикации RU
200 Заглавие и сведения об ответственности 1_
a Заглавие Как работала Дума
e Сведения, относящиеся к заглавию [работа первых созывов Государственной Думы Российской империи]
f Первые сведения об ответственности В. Эрлихман
300 Общие примечания __
a Общие примечания 12+
461 Уровень набора _0
1 2000
a Историк
463 Уровень физической единицы _0
1 2000
a № 10
v С. 24-27 : фото
1 2101
d 2025
1 001RU/CBS_UL/BASE/ec52d7f4c9fd4293a989d31d55e6f095
606 Тематические рубрики 0_
a Основная рубрика Государственная Дума - Российская империя - История
610 Ключевые слова 0_
a Ключевые слова Государственная Дума
610 Ключевые слова 0_
a Ключевые слова Государственная Дума Российской империи
610 Ключевые слова 0_
a Ключевые слова Манифест 1905 года
610 Ключевые слова 0_
a Ключевые слова государственное устройство Российской империи
686 Индексы других классификаций __
2 Код системы rubbk
a Классификационный индекс 63.3(2)532
700 Автор _1
a Фамилия Эрлихман
b Имя (инициалы) В.
801 Источник записи _0
a Страна RU
b Организация МБУК ЦБС г. Ульяновска
c Дата составления 20260122
g Правила каталогизации RCR
801 Источник записи _1
a Страна RU
b Организация МБУК ЦБС г. Ульяновска
c Дата составления 20260122
g Правила каталогизации RCR
901 Тип документа __
t Тип документа b
w Контрольный № источника RU/CBS_UL/BASE/ec52d7f4c9fd4293a989d31d55e6f095
909 Создатель записи __
a Создатель записи lib2